زياره نحويه مفاجئة : (رقم التسجيلة. 147379)
[ عرض عادي ]
| 000 -الفاتح | |
|---|---|
| عناصر البيانات ثابتة الطول | 01005nam a22002537a 4500 |
| 005 - تاريخ ووقت آخر معاملة | |
| حقل ضبط | 20251108180011.0 |
| 008 - عناصر البيانات ثابتة الطول | |
| عناصر البيانات ثابتة الطول | 250721s2024 ua cr 000 1 ara d |
| 020 ## - الترقيم الدولي المعياري للكتب (ردمك) | |
| الترقيم الدولي المعياري للكتب (ردمك) | 9789773567897 |
| 082 14 - رقم تصنيف ديوي العشري | |
| رقم التصنيف | 371.33 |
| رقم المادة | ق د ر |
| 100 1# - مدخل رئيسي – اسم شخصي | |
| الاسم الشخصي | قدري، هاني |
| علاقة الشخص بالعمل/ دوره | مؤلف. |
| 245 10 - بيان العنوان | |
| العنوان | زياره نحويه مفاجئة : |
| بقية العنوان | مسرحية الاسماء الخمسة -الافعال الخمسة-علامات الاعراب / |
| بيان المسؤولية | تأليف هاني قدري ؛ رسم محمد عطية. |
| 264 31 - بيانات النشر، التوزيع…إلخ | |
| مكان النشر، التوزيع...إلخ | الجيزة : |
| اسم الناشر، الموزع...إلخ | هلا للنشر والتوزيع، |
| تاريخ النشر، التوزيع...إلخ | 2024. |
| 300 ## - الوصف المادي | |
| عدد الوحدات المكونة للوعاء | 32 صفحة. |
| 490 1# - بيان السلسلة | |
| عنوان السلسلة | مسرحيات نحوية. |
| 650 17 - مدخل إضافي بالموضوع - مصطلح موضوعي | |
| مصطلح موضوعي أو اسم جغرافي كعنصر مدخل | طرق التدريس. |
| 650 17 - مدخل إضافي بالموضوع - مصطلح موضوعي | |
| مصطلح موضوعي أو اسم جغرافي كعنصر مدخل | اساليب التعليم. |
| 650 17 - مدخل إضافي بالموضوع - مصطلح موضوعي | |
| مصطلح موضوعي أو اسم جغرافي كعنصر مدخل | المسرحيات. |
| 650 17 - مدخل إضافي بالموضوع - مصطلح موضوعي | |
| مصطلح موضوعي أو اسم جغرافي كعنصر مدخل | قواعد اللغة. |
| 653 ## - رأس موضوع – غير مقيد | |
| المصطلح / رأس الموضوع غير المقيد | اطفال مرحلة متوسطة(6-9)سنوات. |
| 700 1# - مدخل إضافي - اسم شخصي | |
| الاسم الشخصي | عطية، محمد |
| علاقة الشخص بالعمل/ دوره | رسام. |
| 830 #0 - مدخل إضافي بالسلسلة-عنوان مقنن | |
| عنوان السلسسلة | مسرحيات نحوية. |
| 942 ## - بيانات إضافية (كوها) | |
| نوع التنصيف | Dewey Decimal Classification |
| نوع المادة (كوها) | كتب |
| حالة السحب | حالة الفقدان | مصدر التصنيف | حالة التلف | غير قابل للإعارة | المكتبة الرئيسية | المكتبة الحالية | موقع الرف | تاريخ التزويد | الرقم المتسلسل | Total Checkouts | رقم الإستدعاء | الباركود | تاريخ آخر ظهور | تاريخ الفاتورة | نوع المادة (كوها) |
|---|---|---|---|---|---|---|---|---|---|---|---|---|---|---|---|
| Dewey Decimal Classification | المكتبة المركزية | المكتبة المركزية | الأطفال | 28/07/2025 | 1794991 | ط / 371.33 / ق د ر | PLD00516644 | 28/07/2025 | 28/07/2025 | كتب | |||||
| Dewey Decimal Classification | مكتبة قتيبة للأطفال | مكتبة قتيبة للأطفال | الأطفال | 11/05/2025 | 1794995 | ط / 371.33 / ق د ر | PLD00516868 | 28/07/2025 | 11/05/2025 | كتب | |||||
| Dewey Decimal Classification | مكتبة الراية الهاشمية للأطفال | مكتبة الراية الهاشمية للأطفال | الأطفال | 11/05/2025 | 1794993 | ط / 371.33 / ق د ر | PLD00516866 | 28/07/2025 | 11/05/2025 | كتب | |||||
| Dewey Decimal Classification | مكتبة الياسمين للأطفال | مكتبة الياسمين للأطفال | الأطفال | 11/05/2025 | 1794994 | ط / 371.33 / ق د ر | PLD00516867 | 28/07/2025 | 11/05/2025 | كتب | |||||
| Dewey Decimal Classification | مكتبة مؤتة | مكتبة مؤتة | الأطفال | 11/05/2025 | 1794992 | ط / 371.33 / ق د ر | PLD00516865 | 28/07/2025 | 11/05/2025 | كتب |